| 000 | 01709nam a2200373 c 4500 | ||
|---|---|---|---|
| 003 | BLK | ||
| 005 | 20180420223728.0 | ||
| 008 | 180408b bul|||||r ||||||| ||bul|| | ||
| 010 | _aKNG00074440000 | ||
| 020 |
_a954-8692-26-0 _bиздат.: Аквариус |
||
| 040 | _aBLK | ||
| 041 |
_aBUL _cBUL |
||
| 080 |
_aДруги видове терапия. Биоенерготерапия. _b615.85 _x(035) _z615.85(035) |
||
| 100 | 1 |
_aЕшуърт, Дейвид _eпърви автор _967778 |
|
| 700 | 1 |
_aТрифонова, Ирина _eпрев. _9294752 |
|
| 700 | 1 |
_aМихайлова, Светлана _eпрев. _9294753 |
|
| 139 |
_aЕшуърт, Дейвид _bЕ 99 |
||
| 245 | 1 | 0 |
_aКоето нашите очи не виждат _bЕнергийна защита за практикуващи Рейки, лечители, терапевти _cДейвид Ешуърт; прев. Ирина Трифонова; прев. Светлана Михайлова. |
| 257 | _aGBR | ||
| 260 |
_аСофия _bАквариус _c2006 |
||
| 300 |
_a302 с. _bс ил., сх. _c22 см |
||
| 380 | _a61 | ||
| 500 | _aОриг. загл. Dancing With the Devil As You Channel in the Light / David Ashworth. - Офс. изд. - Съдържа и Допълнително четиво ; Полезна информация ; За автора. | ||
| 650 | 4 |
_aБиоенерготерапия _9148661 |
|
| 653 | _aбиоенерготерапия | ||
| 653 | _aенергийна защита | ||
| 653 | _aнаръчници | ||
| 653 | _aръководства | ||
| 852 | _aЦб 233483 | ||
| 856 | 4 |
_qpdf _u |
|
| 856 | 4 |
_qpdf _u |
|
| 942 |
_cKNG _n0 |
||
| 944 |
_aCR _c25.04.2007 _kЛюдмила_Стоянова |
||
| 944 |
_aED _c04.05.2007 _k |
||
| 999 |
_c70086 _d70086 |
||